<?xml version="1.0" encoding="UTF-8"?>
<record
    xmlns:xsi="http://www.w3.org/2001/XMLSchema-instance"
    xsi:schemaLocation="http://www.loc.gov/MARC21/slim http://www.loc.gov/standards/marcxml/schema/MARC21slim.xsd"
    xmlns="http://www.loc.gov/MARC21/slim">

  <leader>00759na  a2200229   4500</leader>
  <controlfield tag="001">21064</controlfield>
  <controlfield tag="003">MIRAKIL</controlfield>
  <controlfield tag="005">20181213155031.0</controlfield>
  <controlfield tag="008">170131b        tu            000 0      </controlfield>
  <datafield tag="040" ind1=" " ind2=" ">
    <subfield code="a">Milas</subfield>
    <subfield code="b">tur</subfield>
    <subfield code="c">TR-AnCHP</subfield>
  </datafield>
  <datafield tag="041" ind1=" " ind2=" ">
    <subfield code="a">tur</subfield>
  </datafield>
  <datafield tag="082" ind1=" " ind2=" ">
    <subfield code="a">657</subfield>
    <subfield code="b">K61k 2015</subfield>
  </datafield>
  <datafield tag="090" ind1=" " ind2=" ">
    <subfield code="a">657 K61k 2015</subfield>
  </datafield>
  <datafield tag="100" ind1=" " ind2=" ">
    <subfield code="a">Kocam&#x131;&#x15F;, Tu&#x11F;&#xE7;e Uzun</subfield>
  </datafield>
  <datafield tag="245" ind1=" " ind2=" ">
    <subfield code="a">Kobi TFRS' ye g&#xF6;re d&#xF6;nem sonu i&#x15F;lemleri muhasebesi</subfield>
    <subfield code="b">Kobi TFRS'nin finansal tablolara etkilerinin &#xF6;l&#xE7;&#xFC;lmesine y&#xF6;nelik bir ara&#x15F;t&#x131;rma </subfield>
    <subfield code="c">Tu&#x11F;&#xE7;e Uzun Kocam&#x131;&#x15F;</subfield>
  </datafield>
  <datafield tag="260" ind1=" " ind2=" ">
    <subfield code="a">Ankara </subfield>
    <subfield code="b">Vergi M&#xFC;fetti&#x15F;leri Derne&#x11F;i</subfield>
    <subfield code="c">2015</subfield>
  </datafield>
  <datafield tag="300" ind1=" " ind2=" ">
    <subfield code="a">300 s.</subfield>
    <subfield code="b">tbl.</subfield>
    <subfield code="c">23 sm.</subfield>
  </datafield>
  <datafield tag="504" ind1=" " ind2=" ">
    <subfield code="a">Kaynak&#xE7;a var.</subfield>
  </datafield>
  <datafield tag="650" ind1=" " ind2=" ">
    <subfield code="a">K&#xFC;&#xE7;&#xFC;k i&#x15F;letmeler</subfield>
    <subfield code="x">Muhasebe</subfield>
  </datafield>
  <datafield tag="710" ind1=" " ind2=" ">
    <subfield code="a">Vergi M&#xFC;fetti&#x15F;leri Derne&#x11F;i</subfield>
  </datafield>
  <datafield tag="942" ind1=" " ind2=" ">
    <subfield code="2">dcc</subfield>
    <subfield code="c">BKS</subfield>
  </datafield>
  <datafield tag="952" ind1=" " ind2=" ">
    <subfield code="a">0001</subfield>
    <subfield code="b">0001</subfield>
    <subfield code="d">2017-01-31</subfield>
    <subfield code="e">2</subfield>
    <subfield code="l">0</subfield>
    <subfield code="o">657 K61k 2015</subfield>
    <subfield code="p">012178</subfield>
    <subfield code="r">2017-01-31 00:00:00</subfield>
    <subfield code="v">0.00</subfield>
    <subfield code="w">2017-01-31</subfield>
    <subfield code="y">BKS</subfield>
  </datafield>
  <datafield tag="999" ind1=" " ind2=" ">
    <subfield code="c">5257</subfield>
    <subfield code="d">5257</subfield>
  </datafield>
</record>
